Philadelphia 76ers 2010s Top 10 Leaders - Statistics

General Stats
  • This quiz has been taken 97 times
  • The average score is 10 of 20
Answer Stats
Player % Correct
Joel Embiid
100%
Ben Simmons
96%
Michael Carter-Williams
74%
Andre Iguodala
73%
Jrue Holiday
69%
Nerlens Noel
62%
Lou Williams
61%
J.J. Redick
59%
Thaddeus Young
59%
Robert Covington
54%
Elton Brand
49%
Dario Saric
46%
T.J. McConnell
43%
Ish Smith
39%
Evan Turner
35%
Samuel Dalembert
35%
Spencer Hawes
28%
Hollis Thompson
14%
Jerami Grant
9%
Richaun Holmes
8%
No matching quizzes found
Score Distribution
Percent of People with Each Score
Percentile by Number Answered
Your Score History
You have not taken this quiz